1458 1615 1364 1707 1422 1084 1188 1145 1979 1791 1122 1110 1081 1399 1421 1230 1528 1996 1470 1297 1733 1208 1407 1822 1904 1514 1240 1893 1936 1324 1579 1235 1399 2000 1933 1763 1679 1586 1325 1471 1020 1255 1610 1583 1439 1903 1461 1125 1368 1731 1422 1967 1464 1186 1962 1018 1642 1243 1421 1798 1733 1879 1838 1055 1129 1508 1279 1653 1027 1533 1496 1972 1826 1391 1040 1107 1890 1968 1990 1934 1809 1672 1916 1832 1163 1932 1917 1798 1117 1989 1378 1931 1080 1995 1921 1190 1370 1817 1185 BCNSPRNW ULIB Ver.6.0+V

เปลี่ยนเป็นภาษาไทย

Change to English
 แสดงรายละเอียดบรรณานุกรม
  กลับหน้าหลัก

Brief Record : Get Marc (ISO 2709) : E-mail record : QR code < ปิดหน้าต่าง
LEADER : 00000nam 2200000uu 4500
001    13399126728
003     ULIB
008    190221s2018||||th 000 0 tha d
020    ^a9781496345875
060    ^aWY100.4^bW364H
100    ^aWeber, Janet R. and Jane H. Kelley
245    ^aHealth Assessment in Nursing
250    ^a6th ed
260    ^aPhiladelphia :^bWolters Kluwer Health,^c2018
300    ^a925 pages^bภาพประกอบ
650    ^aNursing Assessment^xmethods
945    ^p2337^l0^i005389
999    ^aวิลาวรรณ์ สายภักดี
รายการนี้ยังไม่มีแท็ก
คุณยังไม่ได้ล็อกอิน คุณสามารถมีกิจกรรมร่วมกับเว็บไซต์ได้ แต่ต้องล็อกอินก่อน ::
  ล็อกอิน

รายการสื่อสารสนเทศ

ลำดับที่ ประเภท เลขเรียก/บาร์โค้ด สถานที่ สถานะ
1. Book การพยาบาล
หนังสือสำรอง
สถานะ=หนังสือสำรอง
WY100.4 W364H ฉ.1 
  Barcode: 005389
ห้องสมุดวิทยาเขตสวรรค์ประชารักษ์
►หนังสือทั่วไป
บนชั้น

รายการใกล้เคียง
    ชื่อเรื่อง [Health Assessment in Nursing]

BibComment


ยังไม่เคยถูกคอมเมนท์

คอมเมนท์ทรัพยากรรายการนี้
  คอมเมนท์: Health Assessmen..


 Copyright 2026. Bcnsprnw @Library